000
00288nam a22001337a 4500
008
181015b xxu||||| |||| 00| 0 eng d
020
_a
9780072871975
041
_a
eng
080
_2
4th
_a
371
100
_a
25
101
_a
EDU
245
_a
Opening Doors
_c
Cortina,J
942
_2
udc
_c
BK
999
_c
49618
_d
49618